=LDR 00000nam 2200000 4500 =001 INLIS000000000028533 =005 20130612130830 =008 ***********************************Ind** =035 ##$$0010-061300000028533 =041 ##$$a Ind =082 ##$$a 2x5.1 =090 ##$$a 2x5.1, Syi a =100 ##$$a Syihab, Z.A =245 ##$$a Akidah ahlus sunnah versi salaf-khalaf dan posisi asya'irah di antara keduanya, Drs. Tgk H. Z.A Syihab =260 ##$$a 1998 $b Jakarta =300 ##$$a xi, 136 hlm, 21 cm =650 ##$$a Akidah =850 ##$$a NBPNMAT